Ricostruisci la Carriera del Calciatore - Johan Cruijff - Statistics

Statistiche generali
  • Questo quiz è stato fatto 14 volte
  • Il punteggio medio è 2 su 8
Statistiche sulle risposte
Hint Risposta % Corretto
1964-1973 Ajax
60%
1973-1978 Barcellona
40%
1979 L.A. Aztecs
30%
1981 Levante
30%
1980 Washington Diplomats
30%
1981 Washington Diplomats
20%
1983-1984 Feyenoord
10%
1981-1983 Ajax
0%
Nessun quiz corrispondente trovato
Distribuzione punteggi
Percentuale di utenti per punteggio
Percentile per numero di risposta
I tuoi punteggi nel tempo
Non hai fatto questo quiz